Les films sur les Jeux Olympiques - Statistiques

Statistiques générales
  • Ce quiz a été pris 11 fois
  • Le résultat moyen est 15 sur 45
Statistiques - réponses
Année Réalisateur Acteur/actrice Initiale Film JO concernés % Correct
1982 Gérard Oury Jean-Paul Belmondo A L'{as} des as 1936
100%
2019 Clint Eastwood Paul Walter Hauser C Le {cas} Richard Jewell 1996
90%
1938 Leni Riefenstahl Documentaire S Les dieux du {stade} 1936
90%
1977 Tom Gries et Monte Hellman Mohamed Ali G Le Plus {Grand} 1960
80%
1966 Charles Walters Robert Russell C Rien ne sert de {courir} 1964
80%
1981 Hugh Hudson Ben Cross C Les {chariots} de feu 1924
70%
1972 Claude Zidi Les Charlots F Les {fous} du stade Aucuns en particulier
70%
2006 Steven Spielberg Eric Bana M {Munich} 1972
70%
2008 Frédéric Forestier et Thomas Langmann Gérard Depardieu A {Astérix} aux Jeux Olympiques Aucuns en particulier
60%
2024 Joachim Rønning Documentaire M Face à la {mer} : l'histoire de Trudy Ederle 1924
60%
1994 Jon Turteltaub Leon Robinson R Rasta {Rockett} 1988
60%
1975 Larry Peerce Marilyn Hassett V Un jour, une {vie} 1975
60%
1979 Joseph Sargent James Coburn P De l'or au bout de la {piste} 1980
50%
2017 Craig Gillespie Margot Robbie T Moi, {Tonya} 1992
50%
2013 Christian Duguay Guillaume Canet J {Jappeloup} 1988
40%
1992 Paul Michael Glaser D. B. Sweeney G Le Feu sur la {glace} 1992
40%
2016 Dexter Fletcher Hugh Jackman E Eddie the {Eagle} 1988
30%
2015 Farid Bentoumi Sami Bouajila A Good Luck {Algeria} 2014
30%
2016 Stephen Hopkins Stephan James C La {couleur} de la victoire 1936
20%
1933 Ewald André Dupont Brigitte Helm M Le Coureur de {marathon} 1932
20%
2022 Sally El Hosaini Manal Issa N Les {Nageuses} 2016
20%
2007 Will Speck Will Ferrell P Les Rois du {patin} 2002
20%
2020 Pascal Plante Katerine Savard N {Nadia}, Butterfly 2020
20%
1965 Kon Ichikawa Documentaire T {Tokyo} Olympiades 1964
20%
2007 Robert Ben Garant Dan Fogler B {Balles} de feu 1988
10%
1962 Andrew Marton Jayne Mansfield C {C'est arrivé à Athènes} Aucuns en particulier
10%
2006 Krisztina Goda Joe Eszterhas G Children of {Glory} 1956
10%
1932 Edward F. Cline W. C. Fields F {Folies} olympiques 1932
10%
2014 Bennett Miller Steve Carell F {Foxcatcher} 1984
10%
2017 Bryan Fogel Documentaire I {Icare} 2014
10%
1969 Michael Ritchie Robert Redford D La {descente} infernale Aucuns en particulier
10%
1951 Michael Curtiz Burt Lancaster C Le {Chevalier} du stade 1912
10%
1970 Michael Winner Michael Crawford D Le {Défi} 1960
10%
2006 Victor Salva Nick Nolte G Le {guerrier} pacifique Aucuns en particulier
10%
1979 Steven Hilliard Stern Michael Douglas V Le {Vainqueur} 1980
10%
2004 Gavin O'Connor Kurt Russell M {Miracle} 1980
10%
1994 Bruce Malmuth Dolph Lundgren P {Pentathlon} 1988
10%
1982 Robert Towne Mariel Hemingway B Personal {Best} 1980
10%
1978 Bryan Forbes Tatum O'Neal S {Sarah} 1976
10%
2005 Barry W. Blaustein Johnny Knoxville R The {Ringer} Aucuns en particulier
10%
2017 Anton Meguerditchev Nikolay Kulikov S Trois {Secondes} 1972
10%
1987 Luigi Comencini Gian Maria Volontè C Un enfant de {Calabre} 1960
10%
1999 Kevin Macdonald Michael Douglas S Un jour en {septembre} 1972
10%
1973 Claude Lelouch... Documentaire V {Visions} of Eight 1972
10%
1937 H. Bruce Humberstone Warner Oland C Charlie {Chan} aux Jeux olympiques 1936
0%
Aucun quiz correspondant
Distribution des résultats
% des personnes avec chaque résultat
Percentile par nombre de réponses
Votre historique - résultats
Vous n’avez pas pris ce quiz